| 000 | 00596nam a2200217Ia 4500 | ||
|---|---|---|---|
| 005 | 20250923145650.0 | ||
| 008 | 008 250917s9999 xx 000 0 eng d | ||
| 037 | _aTextual | ||
| 040 |
_aDSWL _beng _cDSWL |
||
| 041 |
_aeng _2eng |
||
| 084 |
_aY15.2, N77 _qDSWL |
||
| 100 |
_aJacobson, D. _9837713 |
||
| 245 | 0 |
_aWomen in India : Two perspectives _c by D. Jacobson |
|
| 260 |
_aNew _bDelhi Manohar _c1977 |
||
| 300 | _a144 p. | ||
| 365 |
_aINR _b36.00 |
||
| 700 |
_a S. Wadley _9837714 |
||
| 925 | _g36.00 | ||
| 942 |
_cTEXL _hY15.2, N77 |
||
| 999 |
_c1454116 _d1454116 |
||